000 00806cam a22001811 4500
001 000012086
005 20200929162705.0
008 810317s1908 cl 000 0 spa
040 _aDO-SdBNP
_bspa
_cBNPHU
100 2 _aBascunan Montes, Aurelio.
_928544
245 1 0 _aMiscelanea historico-diplomatica, :
_by sobre intercambios comerciales chilenos; exclavitud, contrabando de guerra, cabotaje reciprocidad comercial, plebiscitos, conferencia de La Haya, etc.; memorias del coronel de Vic-Tupper, 1821-1830.
260 _aSantiago de Chile, :
_bImprenta Cervantes,
_c1908.
300 _a2 p.l., 193 p. ;
_c26 cm.
651 0 _aChile
_xPolitics And Government.
_94134
651 0 _aChile
_xCommerce.
_928545
650 0 _aInternational relations.
_928546
600 1 0 _aTupper, William De Vic,
_d1800-1830.
_928547
999 _c11752
_d11752